01901nam a22002777a 4500003000900000008004100009040007100050082002400121110007400145245010800219260003200327300005500359440007400414505084900488650002901337650002301366650001501389650002301404650002101427650001901448700001801467700002601485700002601511700003101537710005501568AR-CdUCM190425b ||||| |||| 00| 0 spa d aMUNICIPALIDAD PROVINCIAL DEL CUSCOcBIBLIOTECA MUNICIPAL DEL CUSCO aRev.DIMA/N°18/1959 aInstituto y Museo Arqueológico de la Universidad Nacional del Cuzco aRevista del Museo e Instituto Arqueológico /cLuis A. Pardo, director, Universidad Nacional del Cuzco aCusco :bH.G. Rozas,c1959. a136 páginas. :bilustraciones, 1 plano ;c21 cm. aRevista del Museo e Instituto Arqueológico.nAño XI, 1959. N°18. aContenido: Homenaje a Pault Rivet en el primer aniversario de su muerte. Luis A. Pardo. -- Los orígenes del hombre americano exposición sintética. Luis A. Pardo. -- Comprobaciones del Arte militar incaico y características principales. Felipe de la Barra. -- Piki Llacta ciudad de pósitos y bastimentos. Emilio Harth Terré. -- Dos inéditos e interesantes documentos sobre la Universidad Nacional de San Antonio Abad del Cuzco. Manuel E. Cuadros. -- El brigadier don Mateo García Pumacahua y el padre maestro Fray Juan Hurtado, O.P. Misionero del Oriente del Perú. Ambrosio Morales O.P. -- La cadena de oro de Huáscar. Carlos Galimberti Miranda. -- La cultura pre incaica de Chanapata. Jorge Yábar Moreno. -- Informe del Museo e Instituto Arqueológico. Luis A. Pardo. -- Orígenes del Cuzco. Jacinto Jijón y Caamaño. aArqueología cusqueña aHistoria del Cusco aPikillaqta aCulturas pre-inkas aOrigen del Cusco aMateo Pumcahua aPardo, Luis A aHarth Terré, Emilio aYábar Moreno, Jorge aGalimberti Miranda, Carlos aUniversidad Nacional de San Antonio Abad del Cusco